000 01629nam a22004334a 4500
001 ebr10173598
003 CaPaEBR
006 m u
007 cr cn|||||||||
008 060327s2006 mau sb 001 0 eng
010 _z 2006044927
015 _aGBA671789
_2bnb
016 7 _z013536697
_2Uk
020 _z0262062585 (alk. paper)
020 _z9780262062589 (alk. paper)
020 _z0262562200 (pbk. : alk. paper)
020 _z9780262562201 (pbk. : alk. paper)
020 _z9780262062589
020 _z9780262562201
040 _aCaPaEBR
_cCaPaEBR
035 _a(OCoLC)648224580
043 _an-us---
050 1 4 _aJK2281
_b.F66 2006eb
082 0 4 _a324.70285/4678
_222
100 1 _aFoot, Kirsten A.
245 1 0 _aWeb campaigning
_h[electronic resource] /
_cKirsten A. Foot and Steven M. Schneider.
260 _aCambridge, Mass. :
_bMIT Press,
_cc2006.
300 _axxii, 263 p.
490 1 _aActing with technology
504 _aIncludes bibliographical references (p. [241]-254) and index.
533 _aElectronic reproduction.
_bPalo Alto, Calif. :
_cebrary,
_d2013.
_nAvailable via World Wide Web.
_nAccess may be limited to ebrary affiliated libraries.
650 0 _aPolitical campaigns
_zUnited States
_xComputer network resources.
650 0 _aInternet in political campaigns
_zUnited States.
655 7 _aElectronic books.
_2local
700 1 _aSchneider, Steven M.
710 2 _aebrary, Inc.
830 0 _aActing with technology.
856 4 0 _uhttp://site.ebrary.com/lib/rucke/Doc?id=10173598
_zAn electronic book accessible through the World Wide Web; click to view
999 _c137621
_d137621